00213nam a2200097 4500020001800000082001600018100001500034245001800049260004000067300000800107 a9789327222982 a574.192 SIN aSingh.B.D. aBiotechnology aNew DelhibKalyani Publishersc2003 a941